000 01246njm a22002657a 4500
005 20100904153018.0
006 a|||||r|||||00| 0
007 sd ammalaaahaa
008 100901t xxu||||| |||| 00| 0 eng d
028 _aN -52981
_bHis Master 's Voice
035 _aGR-584
040 _aSED
_cSED
100 _aBoshle,Asha
_917816
245 _aSujata/
_cby Asha Boshle
_h[Gramophone Recoding] :
246 _aकाली घटा छायी(सुजाता ) ( आशा भोशले )Kali Ghta Chai (Sujata) ( Asha Boshle)
260 _aDum Dum, India:
_bHis Master 's Voice
300 _a1 sound Disc [GramaphoneRecording] :
_banalog, 33 1/3 rpm ;
_c9.5 in (MP)
_fGramaphone Records
500 _aBrief Record
505 _aकाली घटा छायी(सुजाता ) ( आशा भोशले )Kali Ghta Chai (Sujata) ( Asha Boshle) श्रिदे२ जलते हे जिस के (तलत महमूद ) Side2 Jalte he jis ke (talat Mahmood )
650 _aMotion Picture Music
_xExcerpts
_zIndia
_917817
700 _917836
_aTalat Mahmood
700 _aS.D.Burman
_918407
942 _2ddc
_cGR
999 _c43832
_d43832